El Ingenioso Hidalgo Don Quijote de la Mancha (Record no. 2236)
[ view plain ]
| 000 -CABECERA | |
|---|---|
| campo de control de longitud fija | 02229nam a2200349 a 4500 |
| 001 - NÚMERO DE CONTROL | |
| campo de control | BRCA_2495 |
| 005 - FECHA Y HORA DE LA ÚLTIMA TRANSACCIÓN | |
| campo de control | 20190320203833.0 |
| 008 - DATOS DE LONGITUD FIJA--INFORMACIÓN GENERAL | |
| campo de control de longitud fija | 241108s1850----sp-a---###---#000-0dspa-u |
| 041 ## - CÓDIGO DE LENGUA | |
| Código de lengua del texto/banda sonora o título independiente | spa |
| 044 ## - CÓDIGO DEL PAÍS DE LA ENTIDAD EDITORA/PRODUCTORA | |
| Código MARC del país | sp |
| 084 ## - OTRO NÚMERO DE CLASIFICACIÓN | |
| Número de clasificación | 135 |
| Número de documento/Ítem | .G38 |
| -- | 1850 |
| 100 1# - ENTRADA PRINCIPAL--NOMBRE DE PERSONA | |
| Nombre de persona | Cervantes Saavedra, Miguel de |
| Fechas asociadas al nombre | 1547-1616 |
| 9 (RLIN) | 213 |
| 245 10 - MENCIÓN DE TÍTULO | |
| Título | El Ingenioso Hidalgo Don Quijote de la Mancha |
| Mención de responsabilidad, etc. | compuesto por Miguel de Cervantes Saavedra. |
| 260 ## - PUBLICACIÓN, DISTRIBUCIÓN, ETC. | |
| Lugar de publicación, distribución, etc. | Madrid |
| Nombre del editor, distribuidor, etc. | Gaspar y Roig |
| Fecha de publicación, distribución, etc. | 1850 |
| 300 ## - DESCRIPCIÓN FÍSICA | |
| Extensión | 1 v. (en varias paginaciones) |
| Otras características físicas | il. |
| Dimensiones | 27 cm. |
| 500 ## - NOTA GENERAL | |
| Nota general | Contenido : Primera parte. Nota de los editores. Retrato de Cervantes. Dedicatoria del autor. Prólogo del autor. Versos preliminares. Texto. Segunda parte. Documentos de la edición príncipe. Dedicatoria del autor. Prólogo del autor. Observaciones críticas. Vida de Cervantes por J. M. Quintana. Poesías de varios literatos españoles en honor de Cervantes. Texto. El Buscapié con sus notas e ilustraciones |
| 500 ## - NOTA GENERAL | |
| Nota general | Edición : Novísima edición clásica ilustrada. Con notas históricas gramaticales y críticas. Según las de la Academia Española y sus individuos de número Pellicer, Arrieta, Clemencín y F. Sales. Aumentada con El Buscapié anotado por Adolfo de Castro. Grabados ejecutados por los mejores artistas españoles |
| 500 ## - NOTA GENERAL | |
| Nota general | Copia exacta de la edición de los mismos editores de 1847, aumentada con el Buscapié, superchería de A. de Castro, y sus notas. Excelentementeencuadernado en piel parda clara; lomeras y cubiertas gofradas Lúdovik Osterc |
| 500 ## - NOTA GENERAL | |
| Nota general | QM119 |
| 650 14 - PUNTO DE ACCESO ADICIONAL DE MATERIA--TÉRMINO DE MATERIA | |
| Término de materia o nombre geográfico como elemento de entrada | Novela española |
| Subdivisión cronológica | Época clásica, 1500-1700 |
| 9 (RLIN) | 215 |
| 650 14 - PUNTO DE ACCESO ADICIONAL DE MATERIA--TÉRMINO DE MATERIA | |
| Término de materia o nombre geográfico como elemento de entrada | Literatura española |
| Subdivisión cronológica | Época clásica, 1500-1700 |
| 9 (RLIN) | 216 |
| 650 14 - PUNTO DE ACCESO ADICIONAL DE MATERIA--TÉRMINO DE MATERIA | |
| Término de materia o nombre geográfico como elemento de entrada | Novela española |
| Subdivisión cronológica | Siglo XVII |
| 9 (RLIN) | 217 |
| 650 14 - PUNTO DE ACCESO ADICIONAL DE MATERIA--TÉRMINO DE MATERIA | |
| Término de materia o nombre geográfico como elemento de entrada | Don Quijote (Personaje ficticio) |
| Término indicativo de función/relación | Novela |
| 9 (RLIN) | 218 |
| 700 1# - PUNTO DE ACCESO ADICIONAL--NOMBRE DE PERSONA | |
| Nombre de persona | Quintana, José Manuel |
| Fechas asociadas al nombre | 1772-1857 |
| Término indicativo de función/relación | Biógrafo |
| 9 (RLIN) | 7192 |
| 700 1# - PUNTO DE ACCESO ADICIONAL--NOMBRE DE PERSONA | |
| Nombre de persona | Pellicer y Pilares, Juan Antonio |
| Fechas asociadas al nombre | 1738-1806 |
| Término indicativo de función/relación | Biógrafo |
| 9 (RLIN) | 7193 |
| 700 1# - PUNTO DE ACCESO ADICIONAL--NOMBRE DE PERSONA | |
| Nombre de persona | García Arrieta, Agustín |
| Fechas asociadas al nombre | 1775-1834 |
| Término indicativo de función/relación | Anotador |
| 9 (RLIN) | 7194 |
| 700 1# - PUNTO DE ACCESO ADICIONAL--NOMBRE DE PERSONA | |
| Nombre de persona | Clemencín y Viñas, Diego |
| Fechas asociadas al nombre | 1785-1834 |
| Término indicativo de función/relación | Anotador |
| 9 (RLIN) | 7195 |
| 700 1# - PUNTO DE ACCESO ADICIONAL--NOMBRE DE PERSONA | |
| Nombre de persona | Castro y Rossi, Adolfo de |
| Fechas asociadas al nombre | 1823-1898 |
| Término indicativo de función/relación | Anotador |
| 9 (RLIN) | 7196 |
| 740 0# - PUNTO DE ACCESO ADICIONAL--TÍTULO RELACIONADO O ANALÍTICO NO CONTROLADO | |
| Título relacionado o analítico no controlado | El Ingenioso Hidalgo Don Quijote de la Mancha |
| 902 ## - CATALOGADOR | |
| Iniciales | QFM |
| 942 ## - ELEMENTOS DE PUNTO DE ACCESO ADICIONAL (KOHA) | |
| Fuente del sistema de clasificación o colocación | Library of Congress Classification |
| Tipo de ítem Koha | Libros |
| Estado de retiro | Estado de pérdida | Estado dañado | No para préstamo | Localización permanente | Ubicación/localización actual | Fecha de adquisición | Número de inventario | Total de préstamos | Signatura topográfica completa | Código de barras | Fecha visto por última vez | Precio válido a partir de | Tipo de ítem Koha |
|---|---|---|---|---|---|---|---|---|---|---|---|---|---|
| El ejemplar forma parte de la colección y puede ser consultado según las políticas vigentes. | Biblioteca del Museo Franz Mayer (Rogerio Casas-Alatriste) | Biblioteca del Museo Franz Mayer (Rogerio Casas-Alatriste) | 24/11/2008 | QM119 | 135 .G38 1850 (QM119) | 2492 | 22/03/2019 | 22/03/2019 | Libros |